Two-dimensional Ti3C2TX MXenes Incorporated Perovskite Solar Cells : dátum obhajoby 4.7.2023
Na minha lista:
| Autor principal: | |
|---|---|
| Outros Autores: | |
| Formato: | Manuscrito Livro |
| Idioma: | eslovaco inglês |
| Publicado em: |
Bratislava :
STU v Bratislave FEI,
2023
|
| Assuntos: | |
| Acesso em linha: | https://opac.crzp.sk/?fn=detailBiblioFormChildY108FV&sid=52D5268610832158DEAA94036F77&seo=CRZP-detail-kniha |
| Tags: |
Sem tags, seja o primeiro a adicionar uma tag!
|
MARC
| LEADER | 00000ntm a22000003a 4500 | ||
|---|---|---|---|
| 001 | stuzp78691 | ||
| 003 | SK-STU | ||
| 005 | 20231106151228.4 | ||
| 007 | ta | ||
| 008 | 150427s2015----xo-----f-mn---000-0-slo-d | ||
| 040 | |a STU |b slo | ||
| 041 | 0 | |a eng | |
| 044 | |a xo | ||
| 100 | 1 | |a Din, Muhammad Faraz Ud |u 036000 |4 aut |U FEI Fakulta elektrotechniky a informatiky |T FEI Ústav jadrového a fyzikálneho inžinierstva |X 108238 |U E060 |Y 817 |7 108238 | |
| 242 | 0 | 1 | |a Perovskitové solárne články so zabudovanými dvojrozmernými Ti3C2TX MXénmi |y slo |
| 245 | 1 | 0 | |a Two-dimensional Ti3C2TX MXenes Incorporated Perovskite Solar Cells : |b dátum obhajoby 4.7.2023 |
| 260 | |a Bratislava : |b STU v Bratislave FEI, |c 2023 | ||
| 300 | |a 113 s., |b Autoref. 2023, 35 s. | ||
| 500 | |a Len v elektronickej podobe | ||
| 650 | 4 | |a dopovanie perovskitu |2 slo | |
| 650 | 4 | |a elektronické vlastnosti |2 slo | |
| 650 | 4 | |a in situ GIWAXS |2 slo | |
| 650 | 4 | |a peorvskitové solárne články |2 slo | |
| 650 | 4 | |a účinnosť konverzie |2 slo | |
| 650 | 4 | |a Ti3C2 MXény |2 slo | |
| 650 | 4 | |a nábojová transportná vrstva |2 slo | |
| 650 | 4 | |a perovskite solar cells |2 eng | |
| 650 | 4 | |a power conversion efficiency |2 eng | |
| 650 | 4 | |a charge transport layers |2 eng | |
| 650 | 4 | |a Ti3C2 MXene |2 eng | |
| 650 | 4 | |a electronic properties |2 eng | |
| 650 | 4 | |a perovskite doping |2 eng | |
| 650 | 4 | |a In-situ GIWAXS |2 eng | |
| 700 | 1 | |a Majková, Eva |4 ths |X 5439 |7 5439 | |
| 856 | 4 | |u https://opac.crzp.sk/?fn=detailBiblioFormChildY108FV&sid=52D5268610832158DEAA94036F77&seo=CRZP-detail-kniha | |